Les lignes de l'ancien réseau Keolis Courriers d'Ile-de-France (CIF) - Statistiques

Statistiques générales
  • Ce quiz a été pris 15 fois
    13 depuis la dernière actualisation
  • Le résultat moyen est 54 sur 293
Statistiques - réponses
Lignes CIF Réponse % Correct
Express 100 | Express 93 | Ligne 23 | +10 others Gare de Roissypole Aéroport CDG 1
75%
Ligne R4 | Ligne T'bus 1 Gare de Roissypôle Aéroport CDG 1
75%
Ligne 31 Gare de Garges Sarcelles
63%
Ligne 12 | Ligne 12ZI | Ligne 30B | +4 others Gare de Goussainville
63%
Ligne 702 | Ligne R4 | Ligne R5 | +2 others Gare de Louvres
63%
Ligne 15/ | Ligne 44 | Ligne 45/ Gare de Sevran Beaudottes
63%
Ligne R1 | Ligne R2/ | Ligne R3 Gare de Survilliers-Fosses
63%
Ligne 45 Gare du Blanc-Mesnil
63%
Ligne 15 | Ligne 22 | Ligne 39 | +5 others Gare du Vert Galant
63%
Ligne 11 Marché de Saint-Denis
63%
Ligne 11 | Ligne 32 Victor Basch
63%
Ligne 32 Aéroville
50%
Ligne 15 Gare d'Aulnay-sous-Bois
50%
Express 100 Gare de Persan Beaumont
50%
Ligne 1/ Gare de Sevran Beaudottes
50%
Ligne 43 Gare de Sevran Livry
50%
Ligne 1 | Ligne 116 | Ligne 16 | +5 others Gare de Villeparisis Mitry le Neuf
50%
Ligne 1 Gare du Blanc-Mesnil
50%
Ligne 40 | Ligne T'bus 2 Gare du Parc des Expositions
50%
Ligne 349 Parc des Expositions RER
50%
Ligne 3 Gare de Chelles Gournay
38%
Ligne R1 Gare de Louvres
38%
Ligne 704 | Ligne 711 | Ligne 777 Gare de Meaux
38%
Ligne 16 | Ligne 3A | Ligne 3S Gare de Mitry Claye
38%
Ligne 22/ | Ligne 24/ Gare de Mitry-Claye
38%
Ligne 95-02/ Gare de Sarcelles Saint-Brice
38%
Ligne 33 | Ligne 34 | Ligne R105 Gare des Noues
38%
Ligne 95-01 Gare de Survilliers-Fosses
38%
Ligne R114/ Gare de Survilliers Fosses
38%
Ligne 1/ Hôtel de Ville
38%
Ligne 15 Jaurès
38%
Express 93 Pablo Picasso
38%
Express 100 Rond-Point des Sciences
38%
Ligne 349 Route de l'Arpenteur - ADP
38%
Ligne 701 | Ligne 708 Beaupré
25%
Ligne 22 | Ligne 703 | Ligne 705 | +4 others Gare de Dammartin Juilly Saint-Mard
25%
Ligne R8 Mairie de Goussainville
25%
Ligne 95-02 Mairie de Montmorency
25%
Ligne 30B/ Ampère Chartrel
13%
Ligne 3/ Église
13%
Ligne Vitavil Espace Angela Davis
13%
Ligne 701 La Barogne
13%
Ligne 31 La Muette Europe
13%
Ligne 11.5 Le Moulin
13%
Ligne Vitavil Les Flanades
13%
Ligne R1/ | Ligne R48 Lycée Charles Baudelaire
13%
Ligne 22 | Ligne 701/ | Ligne 703 | +4 others Lycée Charles de Gaulle
13%
Ligne R108 Mairie Annexe de Fosses
13%
Ligne R2 Mairie Annexe Fosses
13%
Ligne Vitavil/ Moulin Neuf
13%
Ligne 32A O'Parinor Louis Armand
13%
Ligne 31 Parc Commercial Pont de Pierre
13%
Ligne R112 | Piscine
13%
Ligne 27 Puits-la-Marlière
13%
Ligne 30D/ ZI du Pied de Fer
13%
Ligne 33/ Acacias
0%
Ligne 46 Albert Galle
0%
Ligne 14 | Ligne 14.1 Baillon
0%
Ligne 19/ Bisy
0%
Ligne 46 Blancs Manteaux
0%
Ligne 21 Bois Fleuri
0%
Ligne 704 | Ligne 711 | Ligne 777 Boulevard Jean Rose
0%
Ligne R106 Calvaire
0%
Ligne R3 Central Space Bâtiment ABD
0%
Ligne R3 Central Space Bâtiment C
0%
Ligne R48 Centre de Fontenay-en-Parisis
0%
Ligne 755/ Centre de Moussy-le-Neuf
0%
Ligne 751/ Centre de Thieux
0%
Ligne R109 Centre de Vémars
0%
Ligne 710 Centre de Villeroy
0%
Ligne 710/ Centre d'Iverny
0%
Ligne 752 Centre du Plessis-aux-Bois
0%
Ligne 708/ Centre Médical
0%
Ligne R117 Centre-Ville de Survilliers
0%
Ligne 3S Cité Scolaire
0%
Ligne 46 Clos Marie
0%
Ligne 12.1 | Ligne 47 | Ligne 49 Collège A. de Noailles Lycée G. de Nerval
0%
Ligne 46 Collège A. de Noailles Lycée G. de Nerval
0%
Ligne R117 Collège A. de Noailles Lycée G. De Nerval
0%
Ligne R110 Collège André Malraux
0%
Ligne R5 Collège André Malraux Parking
0%
Ligne R114 Collège Anne-Marie Javouhey
0%
Ligne 14.1 | Ligne 38 Collège Blaise Pascal
0%
Ligne 701 | Ligne 749 B Collège de l'Europe
0%
Ligne 709/ Collège de L'Europe
0%
Ligne 171 Collège Erik Satie
0%
Ligne R112 Collège Françoise Dolto
0%
Ligne R111 Collège François Mauriac
0%
Ligne 752 | Ligne 777 Collège George Sand
0%
Ligne 709 | Ligne 710 | Ligne 751 Collège Georges Brassens
0%
Ligne 18 | Ligne 23 Collège Gérard Philipe
0%
Ligne 703/ Collège Jean des Barres
0%
Ligne 116 Collège Langevin Lycée Balzac
0%
Ligne 16 Collège Langevin Lycée Honoré de Balzac
0%
Ligne 11.5 Collège Montaigne
0%
Ligne 704/ | Ligne 753 Collège Nicolas Tronchon
0%
Ligne 756 Collège Paul Langevin Lycée Honoré de Balzac
0%
Ligne 11.5 Collège Philippe Auguste
0%
Ligne R2 Collège Stendhal
0%
Ligne 709 Condé
0%
Ligne 711/ Croisement
0%
Ligne R8 Croix de la Chaise
0%
Ligne 12.1 Cyprien Réthoré
0%
Ligne 16 | Ligne 24 Ecole Jean de la Fontaine
0%
Ligne 704 EGB
0%
Ligne 709/ Eglise de Saint-Mard
0%
Ligne 749 D Eglise de Saint-Soupplets
0%
Ligne 710/ Église du Plessis L'Evêque
0%
Ligne 752 Église du Plessis-L'Évêque
0%
Ligne 710/ Église Saint-Étienne
0%
Ligne 756/* Église Saint - Étienne
0%
Ligne 777/ Église Saint Saturnin
0%
Ligne 49/ Étang
0%
Ligne 22 Fénelon
0%
Ligne 715 Ferme de l'Etrille
0%
Ligne 755 Ferme de Stains
0%
Ligne 49/ Fréchot
0%
Ligne 47/ Gare de Belloy Saint-Martin
0%
Ligne 14 Gare de Viarmes
0%
Ligne 777/ Gare Routière de Charny
0%
Ligne R107 Gymnase de Puiseux-en-France
0%
Ligne 703/ Haute Garenne
0%
Ligne 703/ Hildevert
0%
Ligne 50 | Ligne 749 | Ligne 749 B | +8 others Institut Saint-Dominique
0%
Ligne 34/ Jules Ferry
0%
Ligne 32A La Charmeuse
0%
Ligne 749 C La Jalaise
0%
Ligne 33/ La Motte-Picquet
0%
Ligne 116 | Ligne 171 La Villette aux Aulnes
0%
Ligne 705 Le Gros Merisier
0%
Ligne 15/ LEP Boucher
0%
Ligne 704 | Ligne 711 | Ligne 777 LEP Pierre de Coubertin
0%
Ligne 709 Les Archers
0%
Ligne 707 Les Chênes
0%
Ligne 711* Les Clos
0%
Ligne R111 | Les Dix Arpents
0%
Ligne 756 Les Echabots
0%
Ligne 47 Les Fontenelles
0%
Ligne 703 | Ligne 704 | Ligne 714 Les Frênes
0%
Ligne R2 Les Grands Prés
0%
Ligne R111* Les Mitelles
0%
Ligne 715 | Ligne 753 Lessart
0%
Ligne 714/ Logis Vert
0%
Ligne 703/ Lycée Charlotte Delbo
0%
Ligne 714 Lycée Jean Villar
0%
Ligne R113 | Ligne T'bus 3 Lycée Léonard de Vinci
0%
Ligne 12 Mairie de Chaumontel
0%
Ligne R113 Mairie de Marly-la-Ville
0%
Ligne 751 Mairie de Mauregard
0%
Ligne 777/ Mairie de Penchard
0%
Ligne 47 Mairie de St-Martin-du-Tertre
0%
Ligne R111 Mairie de Villeron
0%
Ligne 16 Maison des Associations
0%
Ligne R111/ | Ligne R113/ Passerelle
0%
Ligne T'bus 2/ Petit Tremblay
0%
Ligne 47 Place des Fêtes
0%
Ligne R108 Place du Vert Clos
0%
Ligne 49 Place Gambetta
0%
Ligne 17 | Ligne 18 | Ligne 19 | Ligne 21 Place Jacques Chirac - Gare
0%
Ligne 44/ Poissons
0%
Ligne 11.5 Pont à L'Huile
0%
Ligne R3 Porte des Champs
0%
Ligne R110/ | Ligne R113/ | Ligne R7 Quatre Vents
0%
Ligne 46 | Ligne R105 | | Ligne R8/ Regnault
0%
Ligne R106/ Roissy Parc
0%
Ligne 711 | Rond-Point de L'Étang
0%
Ligne 50 Route de Royaumont
0%
Ligne 759 | Rue Barre
0%
Ligne 703 | Ligne 705/ Rue de Condé
0%
Ligne 38 Rue de Giez
0%
Ligne 12 | Ligne 12.1 Rue du Pont
0%
Ligne R110 Ruelle de Puits
0%
Ligne R7 Ruelle du Puits
0%
Ligne R105* | Ligne R8 Rue Neuve
0%
Ligne 3A Saint-Exupéry
0%
Ligne 701 | Ligne 711 | Ligne 749 Saint-Laurent
0%
Ligne R1/ Salle des Fêtes de Marly-la-Ville
0%
Ligne R104 Sécurité Sociale
0%
Ligne R112* | Ligne R114 Treize Saules
0%
Ligne T'bus 1 Verdi
0%
Ligne R2 Vergers
0%
Ligne 12ZI ZAE R. Moinon
0%
Ligne 702/ ZI Nord
0%
Ligne R2/ ZI Parc de Plailly
0%
Aucun quiz correspondant
Distribution des résultats
% des personnes avec chaque résultat
Percentile par nombre de réponses
Votre historique - résultats
Vous n’avez pas pris ce quiz depuis la dernière actualisation